| 000 | 00804cab a2200241 4500 | ||
|---|---|---|---|
| 001 | ABS53590 | ||
| 008 | 090401t1995 xxu||||| |||| 00| 0 eng d | ||
| 035 | _a(Sirsi) u5222 | ||
| 041 | _aeng | ||
| 100 | _aRidout, G. | ||
| 245 | _aNet profits | ||
| 260 | _c1995 | ||
| 350 | _a0 | ||
| 490 |
_aBuilding _v260(7908) 15 September 1995, 60-62(3) |
||
| 520 | _aLooks at the benefits the Internet can offer construction professionals. Includes case studies of companies and professionals currently using the Internet in the USA and Canada and a guide to `getting connected`. | ||
| 650 | _aCONSTRUCTION INFORMATION | ||
| 650 | _aINTERNET | ||
| 650 | _aWORLD WIDE WEB | ||
| 690 | _aMANAGEMENT-BUSINESS MANAGEMENT-INFORMATION MANAGEMENT | ||
| 700 | _aMacneil, J. | ||
| 942 | _n0 | ||
| 948 | _c04/03/1997 | ||
| 999 |
_c3118 _d3118 |
||